Liverpool Permanent Transfers - Statistics

General Stats
  • This quiz has been taken 78 times
  • The average score is 89 of 367
Answer Stats
In/Out Year Player Where From/To Price % Correct
In 17/18 Mohamed Salah Roma £38M
87%
In 18/19 Alisson Roma £57M
82%
In 16/17 Sadio Mané Southampton £37M
82%
In 20/21 Diogo Jota Wolves £40M
80%
In 17/18 Virgil van Dijk Southampton £76M
80%
In 17/18 Andrew Robertson Hull £8M
79%
Out 20/21 Dejan Lovren Zenit £11M
79%
In 14/15 Dejan Lovren Southampton £23M
79%
Out 21/22 Georginio Wijnaldum PSG FREE
77%
In 16/17 Georginio Wijnaldum Newcastle £25M
77%
In 15/16 Roberto Firmino Hoffenheim £37M
75%
In 18/19 Fabinho Monaco £41M
74%
Out 14/15 Luis Suárez Barcelona £74M
74%
In 10/11 Luis Suárez Ajax £24M
74%
In 18/19 Naby Keïta RB Leipzig £54M
74%
Out 20/21 Adam Lallana Brighton FREE
72%
In 14/15 Adam Lallana Southampton £28M
72%
Out 17/18 Philippe Coutinho Barcelona £122M
72%
In 12/13 Philippe Coutinho Inter £12M
72%
In 20/21 Thiago Bayern £20M
72%
In 15/16 James Milner Man City FREE
69%
Out 10/11 Fernando Torres Chelsea £53M
67%
In 07/08 Fernando Torres Atlético Madrid £34M
67%
In 17/18 Alex Oxlade-Chamberlain Arsenal £34M
66%
Out 19/20 Daniel Sturridge Trabzonspor FREE
66%
In 12/13 Daniel Sturridge Chelsea £14M
66%
In 21/22 Ibrahima Konaté RB Leipzig £36M
66%
In 19/20 Takumi Minamino RB Salzburg £8M
66%
Out 16/17 Christian Benteke Crystal Palace £28M
64%
In 15/16 Christian Benteke Aston Villa £42M
64%
Out 19/20 Simon Mignolet Club Brugge £6M
64%
In 13/14 Simon Mignolet Sunderland £10M
64%
Out 19/20 Alberto Moreno Villarreal FREE
59%
In 14/15 Alberto Moreno Sevilla £16M
59%
Out 19/20 Danny Ings Southampton £20M
59%
In 15/16 Danny Ings Burnley £7M
59%
Out 15/16 Raheem Sterling Man City £57M
59%
In 18/19 Xherdan Shaqiri Stoke £13M
59%
Out 22/23 Marko Grujic FC Porto £8M
57%
In 15/16 Marko Grujic Red Star £6M
57%
Out 20/21 Nathaniel Clyne Crystal Palace FREE
57%
In 15/16 Nathaniel Clyne Southampton £16M
57%
Out 09/10 Xabi Alonso Real Madrid £31M
57%
In 04/05 Xabi Alonso Real Sociedad £14M
57%
Out 18/19 Emre Can Juventus FREE
56%
In 14/15 Emre Can Leverkusen £11M
56%
In 11/12 Jordan Henderson Sunderland £16M
56%
In 20/21 Konstantinos Tsimikas Olympiacos £12M
56%
Out 13/14 Andy Carroll West Ham £16M
54%
In 10/11 Andy Carroll Newcastle £37M
54%
In 16/17 Loris Karius Mainz £6M
54%
Out 17/18 Lucas Leiva Lazio £5M
54%
In 07/08 Lucas Leiva Grêmio £9M
54%
Out 20/21 Rhian Brewster Sheffield Utd £23M
54%
Out 15/16 Brad Jones Bradford FREE
52%
In 10/11 Brad Jones Middlesbourgh £3M
52%
In 15/16 Joe Gomez Charlton £4M
52%
Out 16/17 Martin Skrtel Fenerbache £5M
52%
In 07/08 Martin Skrtel Zenit £9M
52%
In 16/17 Joel Matip Schalke FREE
51%
Out 04/05 Michael Owen Real Madrid £11M
51%
Out 07/08 Robbie Fowler Cardiff FREE
51%
In 06/07 Robbie Fowler Man City FREE
51%
Out 01/02 Robbie Fowler Leeds £15M
51%
Out 14/15 Daniel Agger Bröndby £4M
49%
In 05/06 Daniel Agger Bröndby IF £8M
49%
Out 18/19 Dominic Solanke Bournemouth £19M
49%
In 17/18 Dominic Solanke Chelsea FREE
49%
Out 10/11 Javier Mascherano Barcelona £18M
48%
In 08/09 Javier Mascherano West Ham £20M
48%
Out 16/17 Joe Allen Stoke £14M
48%
In 12/13 Joe Allen Swansea £17M
48%
Out 15/16 Glen Johnson Stoke FREE
46%
In 09/10 Glen Johnson Portsmouth £18M
46%
Out 18/19 Lazar Markovic Fulham FREE
46%
In 14/15 Lazar Markovic Benfica £23M
46%
Out 18/19 Ragnar Klavan Cagliari £1M
46%
In 16/17 Ragnar Klavan Augsburg £5M
46%
Out 12/13 Dirk Kuyt Fenerbache £1M
44%
In 06/07 Dirk Kuyt Feyenoord £16M
44%
In 14/15 Divock Origi Lille £11M
44%
Out 17/18 Mamadou Sakho Crystal Palace £25M
44%
In 13/14 Mamadou Sakho PSG £17M
44%
In 20/21 Ben Davies Preston £2M
41%
Out 14/15 Pepe Reina Bayern £3M
41%
In 05/06 Pepe Reina Villarreal £9M
41%
In 08/09 Robbie Keane Spurs £22M
41%
Out 08/09 Robbie Keane Spurs £15M
41%
Out 13/14 Danny Wilson Hearts FREE
39%
In 10/11 Danny Wilson Rangers £2M
39%
In 21/22 Harry Wilson Fulham £13M
39%
Out 07/08 Jerzy Dudek Real Madrid FREE
39%
In 01/02 Jerzy Dudek Feyenoord £7M
39%
Out 16/17 Mario Balotelli Nice FREE
39%
In 14/15 Mario Balotelli AC Milan £18M
39%
Out 08/09 Peter Crouch Portsmouth £12M
39%
In 05/06 Peter Crouch Southampton £9M
39%
In 19/20 Sepp van den Berg PEC Zwolle £2M
39%
Out 16/17 Jordon Ibe Bournemouth £16M
38%
In 19/20 Adrián West Ham FREE
36%
Out 12/13 Charlie Adam Stoke £6M
34%
In 11/12 Charlie Adam Blackpool £8M
34%
Out 07/08 Djibril Cissé Marseille £8M
34%
In 04/05 Djibril Cissé AJ Auxerre £18M
34%
Out 15/16 Fabio Borini Sunderland £10M
34%
In 12/13 Fabio Borini Roma £12M
34%
Out 07/08 Luis García Atlético Madrid £4M
34%
In 04/05 Luis García Barcelona £8M
34%
Out 04/05 Markus Babbel Stattgart FREE
34%
In 00/01 Markus Babbel FC Bayern FREE
34%
Out 15/16 Rickie Lambert West Brom £4M
34%
In 14/15 Rickie Lambert Southampton £5M
34%
Out 09/10 Sami Hyypiä Leverkusen FREE
34%
In 99/00 Sami Hyypiä Willem II £4M
34%
Out 16/17 Brad Smith Bournemouth £3M
33%
Out 07/08 James Smith Stockport FREE
33%
Out 05/06 Milan Baros Aston Villa £8M
33%
In 01/02 Milan Baros Banik Ostrava £6M
33%
Out 10/11 Ryan Babel Hoffenheim £6M
33%
In 07/08 Ryan Babel Ajax £16M
33%
Out 19/20 Ryan Kent Rangers £6M
33%
Out 13/14 Stewart Downing West Ham £5M
33%
In 11/12 Stewart Downing Aston Villa £21M
33%
Out 15/16 Iago Aspas Sevilla £5M
31%
In 13/14 Iago Aspas Celta Vigo £10M
31%
Out 05/06 Vladimir Smicer FC Girondins Bordeaux FREE
31%
In 99/00 Vladimir Smicer Lens £6M
31%
Out 08/09 John Arne Riise Roma £5M
30%
In 01/02 John Arne Riise Monaco £6M
30%
Out 18/19 Jon Flanagan Rangers FREE
30%
Out 13/14 Jonjo Shelvey Swansea £5M
30%
In 10/11 Jonjo Shelvey Charlton £2M
30%
Out 96/97 Ian Rush Leeds FREE
28%
In 88/89 Ian Rush Juventus £3M
28%
Out 86/87 Ian Rush Juventus £5M
28%
In 80/81 Ian Rush Chester £400K
28%
In 11/12 José Enrique Newcastle £7M
28%
Out 12/13 Alberto Aquilani Fiorentina £2M
26%
In 09/10 Alberto Aquilani Roma £18M
26%
Out 12/13 Maxi Rodríguez Newell's Old Boys FREE
26%
In 09/10 Maxi Rodríguez Atlético FREE
26%
Out 09/10 Álvaro Arbeloa Real Madrid £4M
25%
In 06/07 Álvaro Arbeloa Deportivo La Coruña £4M
25%
Out 06/07 Dietmar Hamann Bolton FREE
25%
Out 04/05 Emile Heskey Birmingham £8M
25%
In 99/00 Emile Heskey Leicester £15M
25%
Out 16/17 Luis Alberto Lazio £4M
25%
In 13/14 Luis Alberto Sevilla £7M
25%
Out 18/19 Danny Ward Leicester £13M
23%
In 11/12 Danny Ward Wrexham £100K
23%
In 03/04 Harry Kewell Leeds £9M
23%
Out 08/09 Henry Kewell Galatasaray FREE
23%
Out 97/98 John Barnes Newcastle FREE
23%
In 87/88 John Barnes Watford £1M
23%
Out 16/17 Kolo Touré Celtic FREE
23%
In 13/14 Kolo Touré Man City FREE
23%
Out 10/11 Albert Riera Olympiacos £5M
21%
In 08/09 Albert Riera Espanyol £9M
21%
Out 05/06 Antonio Núñez Celta Vigo FREE
21%
In 04/05 Antonio Núñez Real Madrid FREE
21%
Out 06/07 Djimi Traoré Charlton £3M
21%
In 77/78 Kenny Dalglish Celtic £400K
21%
Out 99/00 Steve McManaman Real Madrid FREE
21%
Out 14/15 Suso AC Milan £1M
21%
Out 09/10 Andrea Dossena Napoli £3M
20%
In 08/09 Andrea Dossena` Udinese £8M
20%
Out 11/12 David N'Gog Bolton £4M
20%
In 08/09 David N'Gog PSG £1M
20%
Out 12/13 Joe Cole West Ham FREE
20%
In 10/11 Joe Cole Chelsea FREE
20%
Out 11/12 Raúl Meireles Chelsea £12M
20%
In 10/11 Raúl Meireles Porto £12M
20%
Out 08/09 Steve Finnan Espanyol FREE
20%
In 03/04 Steve Finnan Fulham £5M
20%
Out 12/13 Craig Bellamy Cardiff FREE
18%
In 11/12 Craig Bellamy Man City FREE
18%
Out 07/08 Craig Bellamy West Ham £10M
18%
In 06/07 Craig Bellamy Blackburn £8M
18%
Out 11/12 Fábio Aurélio Grêmio FREE
18%
In 06/07 Fábio Aurélio Valencia FREE
18%
Out 06/07 Fernando Morientes Valencia £5M
18%
In 04/05 Fernando Morientes Real Madrid £8M
18%
Out 13/14 Jay Spearing Bolton £1M
18%
Out 14/15 Martin Kelly Crystal Palace £2M
18%
Out 20/21 Ovie Ejaria Reading £4M
18%
Out 99/00 David James Aston Villa £2M
16%
Out 02/03 Gary McAllister Coventry £500K
16%
In 00/01 Gary McAllister Coventry £900K
16%
Out 02/03 Jamie Redknapp Spurs FREE
16%
In 90/91 Jamie Redknapp Bournemouth £700K
16%
Out 09/10 Jermaine Pennant Real Zaragoza FREE
16%
In 06/07 Jermaine Pennant Birmingham £8M
16%
Out 03/04 Patrik Berger Portsmouth FREE
16%
Out 11/12 Sotiris Kyrgiakos Wolfsburg FREE
16%
In 09/10 Sotiris Kyrgiakos AEK Athens £3M
16%
Out 05/06 El-Hadji Diouf Bolton £3M
15%
In 02/03 El-Hadji Diouf Lens £14M
15%
Out 15/16 Sebastián Coates Sunderland £3M
15%
In 11/12 Sebastián Coates Nacional £7M
15%
Out 04/05 Stéphane Henchoz Celtic FREE
15%
In 15/16 Ádám Bogdán Bolton FREE
13%
Out 09/10 Andriy Voronin Dinamo Moscow £2M
13%
In 07/08 Andriy Voronin Leverkusen FREE
13%
Out 11/12 Emiliano Insúa Sporting CP £1M
13%
In 07/08 Emiliano Insúa Boca Juniors FREE
13%
Out 17/18 Kevin Stewart Hull £4M
13%
In 14/15 Kevin Stewart Spurs FREE
13%
Out 10/11 Yossi Benayoun Chelsea £6M
13%
In 07/08 Yossi Benayoun West Ham £7M
13%
Out 17/18 Andre Wisdom Derby £2M
11%
Out 07/08 Boudewijn Zenden Marseille FREE
11%
In 05/06 Boudewijn Zenden Middlesbrough FREE
11%
Out 04/05 Danny Murphy Charlton £3M
11%
Out 84/85 Greame Souness Sampdoria £700K
11%
Out 05/06 Josemi Villarreal FREE
11%
In 04/05 Josemi Málaga £3M
11%
Out 07/08 Mark González Real Betis £5M
11%
In 05/06 Mark González Albacete £2M
11%
Out 07/08 Mohamed Sissoko Juventus £10M
11%
In 05/06 Mohamed Sissoko Valencia £11M
11%
Out 14/15 Oussama Assaidi Al-Ahli £5M
11%
In 12/13 Oussama Assaidi Heerenveen £4M
11%
Out 11/12 Paul Konchesky Leicester £2M
11%
In 10/11 Paul Konchesky Fulham £4M
11%
Out 00/01 Phil Babb Sporting CP FREE
11%
Out 02/03 Stephen Wright Sunderland £4M
11%
Out 03/04 Abel Xavier Hannover 96 FREE
10%
In 01/02 Abel Xavier Everton £1M
10%
In 16/17 Alexander Manninger Augsburg FREE
10%
In 19/20 Andy Lonergan Middlesbourgh FREE
10%
Out 06/07 Bruno Cheyrou Stade Rennais £900K
10%
In 02/03 Bruno Cheyrou LOSC Lille £6M
10%
Out 01/02 Christian Ziege Spurs £6M
10%
In 00/01 Christian Ziege Middlesbrough £8M
10%
Out 07/08 Florent Sinama-Pongolle Recreativo Huelva £4M
10%
In 03/04 Florent Sinama-Pongolle AC Le Havre £400K
10%
Out 05/06 Igor Biscan Panathinaikos FREE
10%
In 00/01 Igor Biscan Dinamo Zagreb £7M
10%
Out 11/12 Nabil El Zhar Levante FREE
10%
In 06/07 Nabil El Zhar Saint-Étienne FREE
10%
Out 01/02 Sander Westerveld Real Sociedad £5M
10%
Out 11/12 Christian Poulsen Évian FREE
8%
In 10/11 Christian Poulsen Juventus £5M
8%
Out 11/12 Daniel Ayala Norwich £800K
8%
Out 06/07 Salif Diao Stoke FREE
8%
In 02/03 Salif Diao CS Sedan £7M
8%
Out 06/07 Stephen Warnock Blackburn £2M
8%
Out 08/09 Anthony Le Tallec Le Mans £1M
7%
In 02/03 Anthony Le Tallec Le Havre £2M
7%
Out 06/07 Chris Kirkland Wigan £3M
7%
In 01/02 Chris Kirkland Coventry £7M
7%
Out 13/14 Dani Pacheco Alcorcón FREE
7%
Out 10/11 Diego Cavalieri Cesena FREE
7%
In 08/09 Diego Cavalieri Palmeiras £4M
7%
Out 12/13 Doni Botafogo FREE
7%
In 11/12 Doni Roma FREE
7%
Out 02/03 Jari Litmanen Ajax FREE
7%
In 00/01 Jari Litmanen Barcelona FREE
7%
Out 11/12 Milan Jovanovic Anderlecht £700
7%
In 10/11 Milan Jovanovic Standard Liége FREE
7%
Out 06/07 Neil Mellor Preston £2M
7%
In 08/09 Philipp Degen Dortmund FREE
7%
Out 08/09 Scott Carson West Brom £4M
7%
In 04/05 Scott Carson Leeds £1M
7%
Out 15/16 Steven Gerard LA Galaxy FREE
7%
In 21/22 Taiwo Awoniyi Union Berlin £6M
7%
In 15/16 Taiwo Awoniyi Imperial Academy £1M
7%
Out 00/01 Titi Camara West Ham £3M
7%
Out 00/01 Brad Friedel Blackburn FREE
5%
Out 10/11 Damien Plessis Panathinika £720K
5%
In 07/08 Damien Plessis Olympique Lyon £450K
5%
Out 10/11 David Martin MK Dons FREE
5%
In 05/06 David Martin MK Dons FREE
5%
Out 14/15 Jack Robinson QPR £1M
5%
Out 06/07 Jan Kromkamp PSV £3M
5%
In 05/06 Jan Kromkamp Villarreal FREE
5%
Out 02/03 Nick Barmby Leeds £4M
5%
In 00/01 Nick Barmby Everton £8M
5%
In 12/13 Samed Yesil Leverkusen £1M
5%
Out 00/01 Stig Inge Björnebye Blackburn £400K
5%
Out 16/17 Tiago Ilori Reading £4M
5%
In 13/14 Tiago Ilori Sporting CP £7M
5%
Out 06/07 Antonio Barragán Deportivo La Coruña £2M
3%
In 05/06 Antonio Barragán Sevilla FREE
3%
Out 08/09 Danny Guthrie Newcastle £4M
3%
Out 06/07 Darren Potter Wolves £300K
3%
In 03/04 Darren Potter Blackburn FREE
3%
Out 00/01 David Thompson Coventry £4M
3%
Out 07/08 Gabriel Paletta Boca Juniors FREE
3%
In 06/07 Gabriel Paletta CA Banfield £2M
3%
Out 05/06 Grégory Vignal Portsmouth FREE
3%
In 00/01 Grégory Vignal Montpellier £700K
3%
Out 09/10 Jack Hobbs Leicester FREE
3%
In 05/06 Jack Hobbs Lincoln £200K
3%
Out 05/06 John Welsh Hull £2M
3%
Out 05/06 Mauricio Pellegrino Alavés FREE
3%
In 04/05 Mauricio Pellegrino Valencia FREE
3%
Out 09/10 Sebastián Leto Panathinaikos £4M
3%
In 07/08 Sebastián Leto Lanús £3M
3%
Out 12/13 Stephen Darby Bradford FREE
3%
Out 00/01 Steve Staunton Aston Villa FREE
3%
Out 13/14 Tom King Stoke FREE
3%
In 17/18 Tony Gallacher Falkirk £200K
3%
Out 08/09 Besian Idrizaj FC Eilenburg FREE
2%
In 05/06 Besian Idrizaj LASK £200K
2%
Out 09/10 Craig Lindfield Macclesfield FREE
2%
Out 00/01 Dominic Matteo Leeds £6M
2%
Out 00/01 Erik Meijer Hamburger SV FREE
2%
Out 02/03 Jörgen Nielsen Farum BK FREE
2%
Out 01/02 Kevin Doherty Shelbourne FREE
2%
Out 01/02 Leyton Maxwell Cardiff FREE
2%
Out 12/13 Nathan Eccleston Blackpool FREE
2%
Out 05/06 Patrice Luzi Excelsior Mouscron FREE
2%
In 02/03 Patrice Luzi AC Ajaccio FREE
2%
Out 13/14 Péter Gulásci RB Salzburg FREE
2%
In 08/09 Péter Gulásci MTK Budapest £200K
2%
Out 05/06 Richie Partridge Sheffield Wednesday FREE
2%
Out 00/01 Rigobert Song West Ham £4M
2%
Out 01/02 Alan Navarro Tranmere Rovers £300K
0%
Out 05/06 Alou Diarra Lens £2M
0%
In 02/03 Alou Diarra FC Bayern FREE
0%
Out 10/11 András Simon Excelsior FREE
0%
In 07/08 András Simon MTK Budapest FREE
0%
Out 04/05 Arnaud Bühler FC Aarau FREE
0%
In 03/04 Arnaud Bühler Lausanne-Sport FREE
0%
Out 09/10 Astrit Ajdarevic Leicester FREE
0%
In 06/07 Astrit Ajdarevic Falkenberg £1M
0%
Out 04/05 Bernard Diomède No Club FREE
0%
In 00/01 Bernard Diomède AJ Auxerre £4M
0%
Out 06/07 Carl Medjani FC Lorient FREE
0%
In 03/04 Carl Medjani Saint-Étienne FREE
0%
Out 10/11 Charles Itandje Atromitos Athen FREE
0%
In 07/08 Charles Itandje Lens £1M
0%
Out 04/05 Chris Butler Accrington FREE
0%
Out 02/03 Daniel Sjölund Djurgarden £500K
0%
In 00/01 Daniel Sjölund West Ham £1M
0%
Out 06/07 Danny O'Donnell Crewe Alexandra £100K
0%
Out 01/02 Frode Kippe Lillestrøm SK FREE
0%
Out 00/01 Haukur Ingi Gudnason Keflavík FREE
0%
Out 13/14 Jamie Stephens Newport FREE
0%
Out 00/01 Jon Newby Bury £100K
0%
Out 05/06 Jon Otsemobor Rotherham FREE
0%
Out 08/09 Josh Mimms York City FREE
0%
Out 14/15 Kristoffer Peterson Utrecht FREE
0%
Out 10/11 Krisztián Németh Olympiacos £1M
0%
In 07/08 Kriztián Németh MTK Budapest £3M
0%
Out 10/11 Lauri Dalla Valle Fulham FREE
0%
Out 16/17 Lawrence Vigouroux Swindon Town £400K
0%
In 14/15 Lawrence Vigouroux Spurs FREE
0%
Out 12/13 Lewis Hatch Accrington FREE
0%
Out 04/05 Michael Foley-Sheridan St. Patricks FREE
0%
Out 09/10 Miki Roqué Betis FREE
0%
In 05/06 Miki Roqué UE Lleida FREE
0%
Out 10/11 Nikolay Mihaylov Twente FREE
0%
In 07/08 Nikolay Mihaylov Levski Sofia £100K
0%
Out 05/06 Paul Harrison Accrington FREE
0%
Out 03/04 Pegguy Arphexad Coventry FREE
0%
In 00/01 Pegguy Arphexad Leicester FREE
0%
Out 15/16 Rafa Páez Alcorcón FREE
0%
Out 06/07 Ramon Calliste Scunthorpe FREE
0%
In 05/06 Ramon Calliste Man United FREE
0%
Out 06/07 Robbie Foy Scunthorpe FREE
0%
Out 10/11 Robbie Threlfall Bradford FREE
0%
In 07/08 Ryan Crowther Stockport FREE
0%
Out 04/05 Stephen Vaughan Chester FREE
0%
Out 04/05 Steven Gillespie Bristol City FREE
0%
Out 06/07 Zak Whitbread Millwall FREE
0%
No matching quizzes found
Score Distribution
Percent of People with Each Score
Percentile by Number Answered
Your Score History
You have not taken this quiz